Statistics for Most popular names (20)

Click here to take the quiz!

General Stats

  • This quiz has been taken 14 times
  • The average score is 17 of 40

Answer Stats

HintAnswer% Correct
MaleJohn
85%
MaleMark
69%
FemaleMary
69%
MaleChristopher
62%
MaleDavid
62%
FemaleElizabeth
62%
MaleJames
62%
MaleMathew
62%
MaleThomas
62%
MaleWilliam
62%
FemaleEmily
54%
FemaleJennifer
54%
MaleMicheal
54%
MaleAndrew
46%
MaleDaniel
46%
FemaleDonna
46%
FemaleLisa
46%
FemaleMichelle
46%
MalePaul
46%
FemaleSarah
46%
FemaleSusan
46%
FemaleJessica
38%
MaleJoseph
38%
MaleAnthony
31%
MaleCharles
31%
MaleJoshua
31%
FemaleLinda
31%
FemalePatricia
31%
MaleRichard
31%
MaleRobert
31%
MaleSteven
31%
MaleDonald
23%
FemaleKimberly
23%
FemaleSandra
23%
FemaleBetty
15%
FemaleKaren
15%
FemaleMargaret
15%
FemaleNancy
15%
FemaleAshley
8%
FemaleBarbra
8%

Score Distribution

Percentile by Number Answered

Percent of People with Each Score

Your Score History

You have not taken this quiz